| 000 | 00651nam a2200229Ia 4500 | ||
|---|---|---|---|
| 001 | 16229 | ||
| 003 | GE_BSU | ||
| 008 | 181216s||||||||xx |||||||||||||| ||und|| | ||
| 020 | _aISBN 978-9941-9236-8-5 | ||
| 040 | _cGE_BSU | ||
| 100 | _aკამიუ, ალბერ | ||
| 245 | _aუცხო : რომანი | ||
| 245 | _cფრანგ. თარგმნა გურანდა დათაშვილმა | ||
| 260 | _aთბილისი | ||
| 260 | _bაგორა | ||
| 260 | _c2012 | ||
| 300 | _a208გვ;17სმ. | ||
| 541 | _h9ლ,50თ | ||
| 653 | _aრომანი | ||
| 653 | _aუცხო | ||
| 942 | _cBK | ||
| 999 |
_c49313 _d49313 |
||